000 00328nam a22001097a 4500
008 230605b xxu||||| |||| 00| 0 eng d
082 _a330.96762
_bGOK
245 _aEconomic Recovery Strategy For Wealth And Employment Creation
_cGovernment Of Kenya
260 _aKenya
_bGovernment Of Kenya
_c2003
300 _a92 p
942 _2ddc
_cBK
999 _c405
_d405